| 000 | 01042cam a2200229 4500 | ||
|---|---|---|---|
| 001 | ABS66352 | ||
| 008 | 030203n2003 000 0 eng u | ||
| 035 | _a(Sirsi) u121220 | ||
| 100 | _aKnutt, E. | ||
| 245 | _aStudent housing: whose dibs on the digs? | ||
| 260 | _c2003 | ||
| 490 |
_aEstates Gazette _v(0303) 18 January 2003, 54-55(2) |
||
| 520 | _aLooks at the newly-built student housing sector which is beginning to attract the interest of private developers and investors although some universities are retaining ownership of their student housing as it constitutes an income stream. Although the sector looks recession-proof the student housing market is not the happy hunting ground that the demand figures might suggest. Two tables summarise student housing demand and supply as well as funding sources. | ||
| 590 | _aABS | ||
| 650 | _aSTUDENT HOUSING | ||
| 650 | _aPROPERTY INVESTMENT | ||
| 650 | _aUNIVERSITIES | ||
| 650 | _aSTUDENT ACCOMMODATION | ||
| 650 | _aCOLLEGES | ||
| 690 | _aHOUSING-INVESTMENT | ||
| 942 | _n0 | ||
| 999 |
_c72039 _d72039 |
||